| 000 | 00496nam a2200181 i 4500 | ||
|---|---|---|---|
| 001 | 93235 | ||
| 003 | ES-MaACL | ||
| 007 | t| | ||
| 008 | 050408s1987 sp ||||1| spa d | ||
| 100 | 1 |
_aLope, Manuel de. _973275 |
|
| 245 | 1 | 0 |
_aJardines de Africa / _cManuel de Lope. |
| 260 |
_aMadrid : _bAlfaguara, _c1987. |
||
| 300 |
_a92 p. ; _c22 cm. |
||
| 490 | 1 |
_aNueva ficción ; _v40 |
|
| 830 | 0 |
_aNueva ficción ; _v40 _9183218 |
|
| 852 |
_aES-MaACL _jG-10841 _bR.114336 |
||
| 999 |
_c93235 _d93235 |
||